UFC QUIZ #2 - Statistics

General Stats
  • This quiz has been taken 200 times
  • The average score is 6 of 8
Answer Stats
Question Answer % Correct
Which fighter was never a UFC double champ? Israel Adesanya
94%
Which UFC fighter holds the record for the fastest knockout win? Jorge Masvidal
94%
Which UFC fighter said "My balls was hot"? Derrick Lewis
88%
Who fought in the UFC? Kimbo Slice
86%
Which UFC fighter is bald? Michael Page
86%
Who won the first UFC tournament? Royce Gracie
68%
Which UFC fighter isn't european? Santiago Ponzinibbio
42%
Who is the shortest UFC fighter of all time? Hector Sandoval
12%
No matching quizzes found
Score Distribution
Percent of People with Each Score
Percentile by Number Answered
Your Score History
You have not taken this quiz